Southville International School and Colleges
Your cart is empty.
  • Cart
  • Lists
    Public lists Eva Luna New books Lux_list list_1
    Your lists Log in to create your own lists
  • Log in to your account
  • Your cookies
  • Search history
Southville International School and Colleges
  • Advanced search
  • Recent comments
  • Most popular
  • Libraries

Log in to your account

Log in with GOOGLE


If you do not have an external account, but do have a local account, you can still log in:

  1. Home
  2. MARC view: Con ton y son.
Normal view MARC view ISBD view

Con ton y son. (Record no. 110077)

[ view plain ]
MARC details
000 -LEADER
fixed length control field 00444nam a2200157 a 4500
001 - CONTROL NUMBER
control field 2429
005 - DATE AND TIME OF LATEST TRANSACTION
control field 20140414131849.0
008 - FIXED-LENGTH DATA ELEMENTS--GENERAL INFORMATION
fixed length control field 050601s19uu xx 00 eng d
050 ## - LIBRARY OF CONGRESS CALL NUMBER
Classification number M 460
Item number C74 1997
245 ## - TITLE STATEMENT
Title Con ton y son.
260 ## - PUBLICATION, DISTRIBUTION, ETC. (IMPRINT)
Place of publication, distribution, etc New York :
Name of publisher, distributor, etc Macmillan/McGraw-Hill,
Date of publication, distribution, etc 1997.
300 ## - PHYSICAL DESCRIPTION
Extent 30 p. : ill. ; cm.
650 ## - SUBJECT ADDED ENTRY--TOPICAL TERM
Topical term or geographic name as entry element Phonemics
General subdivision Spanish
-- Juvenile literature.
650 ## - SUBJECT ADDED ENTRY--TOPICAL TERM
Topical term or geographic name as entry element Spanish language
General subdivision English language.
Holdings
Withdrawn status Lost status Damaged status Use restrictions Home library Current library Shelving location Date acquired Source of acquisition Total Checkouts Full call number Barcode Date last seen Price effective from Koha item type
        Munich Library Munich Library Main Section 06/01/2005     M 460 C74 1997 M0328 04/14/2014 04/14/2014 Books

Con ton y son.

APA

(1997). Con ton y son. New York: Macmillan/McGraw-Hill.

Chicago

1997. Con ton y son. New York: Macmillan/McGraw-Hill.

Harvard

(1997). Con ton y son. New York: Macmillan/McGraw-Hill.

MLA

Con ton y son. New York: Macmillan/McGraw-Hill. 1997.

  • Place hold
  • Print
  • Cite
  • Add to your cart (remove)
  • Save record
    BIBTEX Dublin Core MARCXML MARC (non-Unicode/MARC-8) MARC (Unicode/UTF-8) MARC (Unicode/UTF-8, Standard) MODS (XML) RIS
  • More searches
    Search for this title in:
    Other Libraries (WorldCat) Other Databases (Google Scholar) Online Stores (Bookfinder.com) Open Library (openlibrary.org)

Exporting to Dublin Core...

SOUTHVILLE LIBRARY

Southville International School and Colleges Library

1281 Tropical Ave. Cor. Luxembourg St., BF Homes International, Las Pinas City

Tel. No. 8256374 / 252358 Loc. 117/146

Powered by Koha